What Universe Is This From? - Statistics

General Stats
  • This quiz has been taken 11 times
  • The average score is 12 of 26
Answer Stats
Hint Answer % Correct
Harley Quinn DC
100%
Warlord DC
67%
Black Lightning DC
67%
Doom Patrol Young Animal/DC/Vertigo
67%
Breach DC
50%
Impulse DC
50%
Vox DC
50%
Tempest DC
50%
Cobalt Blue DC
50%
Naomi DC
50%
Preacher Vertigo
50%
Animal Man Vertigo
50%
Hellblazer Vertigo
50%
Y the Last Man Vertigo
50%
Sweet Tooth Vertigo
50%
Voodoo Wildstorm
50%
Collapser Young Animal
50%
Eternity Girl Young Animal
50%
Static Milestone
33%
Hardware Milestone
33%
The Authority Wildstorm
33%
Green Lantern (Jo Mullein) Young Animal
33%
Cave Carson Young Animal
33%
Dream/Morpheus DC Horror
17%
Icon Milestone
17%
Xombi Milestone
17%
No matching quizzes found
Score Distribution
Percent of People with Each Score
Percentile by Number Answered
Your Score History
You have not taken this quiz